000 00523nam a2200193Ia 4500
005 20250326142838.0
008 250326s9999 xx 000 0 und d
020 _a0-566-08203-6
037 _aTextbook
040 _aFMSL
_beng
_cFMSL
041 _aeng
_2eng
084 _aX:8 N9
_qFMSL
100 _aHunt Rikki
245 0 _aCreating a thinking organization
_cHunt Rikki; Buzan Tony
260 _aEngland
_bEngland, Gower
_c1999
300 _axxii,215
942 _cTB
_hX:8 N9
999 _c1296911
_d1296911